LIBRARY & INFORMATION CENTRE, KCAET, TAVANUR

ONLINE PUBLIC ACCESS CATALOGUE (OPAC)

Review of tropical plant pathology volume V : Diseare of fihre and oitsecd crops / (Record no. 2986)

MARC details
000 -LEADER
fixed length control field 00544cam a2200193ua 4500
041 ## - LANGUAGE CODE
Language code of text/sound track or separate title eng
082 ## - DEWEY DECIMAL CLASSIFICATION NUMBER
Classification number 632
Item number RAY/RE
100 ## - MAIN ENTRY--AUTHOR NAME
Personal name Ray chaudhuri, S P .
245 ## - TITLE STATEMENT
Title Review of tropical plant pathology volume V : Diseare of fihre and oitsecd crops /
250 ## - EDITION STATEMENT
Edition statement 1 /
260 ## - PUBLICATION, DISTRIBUTION, ETC. (IMPRINT)
Place of publication New Delhi :
Name of publisher Today Tomorrow`s printers publishers ,
Year of publication 1989.
300 ## - PHYSICAL DESCRIPTION
Number of Pages 316 ; .
700 1# - ADDED ENTRY--PERSONAL NAME
Personal name Verma, T P .
942 ## - ADDED ENTRY ELEMENTS (KOHA)
Koha item type Books
Holdings
Withdrawn status Lost status Damaged status Home library Current library Date acquired Full call number Accession Number Koha item type
      KAUAET KAUAET 07/04/2012 632 20376 Books
free website counter